Central Library OPAC University of Rajshahi

Government regulation of business / (Record no. 5314)

MARC details
000 -LEADER
fixed length control field 00671cam a22002411 4500
001 - CONTROL NUMBER
control field 5314
003 - CONTROL NUMBER IDENTIFIER
rucl marc code BD-RjUL
005 - DATE AND TIME OF LATEST TRANSACTION
control field 20211208234039.0
008 - FIXED-LENGTH DATA ELEMENTS--GENERAL INFORMATION
fixed length control field 131224s1950 ohu 001 0 eng d
035 ## - SYSTEM CONTROL NUMBER
System control number (BD-RjUL)5350
040 ## - CATALOGING SOURCE
Original cataloging agency DLC
Transcribing agency IEN
Modifying agency DLC
-- BD-RjUL
Language of cataloging eng
041 ## - LANGUAGE CODE
Language code of text/sound track or separate title eng
082 00 - DEWEY DECIMAL CLASSIFICATION NUMBER
Classification number 343.7307
Edition number 19
Author mark and year ANG 1950
100 1# - MAIN ENTRY--PERSONAL NAME
Personal name Anderson, Ronald Aberdeen,
Dates associated with a name 1911-1999.
9 (RLIN) 16709
245 10 - TITLE STATEMENT
Title Government regulation of business /
260 ## - PUBLICATION, DISTRIBUTION, ETC. (IMPRINT)
Place of publication, distribution, etc. Cincinnati,
Name of publisher, distributor, etc. South-Western Pub. Co.
Date of publication, distribution, etc. c1950
300 ## - PHYSICAL DESCRIPTION
Pagination x, 694 p. ;
Size 23 cm.
650 #0 - SUBJECT ADDED ENTRY--TOPICAL TERM
Topical term or geographic name as entry element Trade regulation
Geographic subdivision United States.
9 (RLIN) 6578
942 ## - ADDED ENTRY ELEMENTS (KOHA)
Source of classification or shelving scheme Dewey Decimal Classification
Koha item type Books
Holdings
Lost status Source of classification or shelving scheme Damaged status Not for loan Collection code Permanent Location Current Location Shelving location Date acquired Source of acquisition Total Checkouts Full call number Date last seen Copy number Koha item type
  Dewey Decimal Classification   Not For Loan Non-fiction Central Library, University of Rajshahi Central Library, University of Rajshahi   21/07/1961 Asia foundation   343.7307 ANG 1950 24/12/2013 C-1 Books